000 00464nam a22001697a 4500
005 20251108163333.0
008 250721s1994 xx 000 0 ara d
082 1 4 _a131.337/قلق
245 1 0 _aالقلق /
250 _aط5.، منقحه و مزيده
264 1 _aبيروت :
_bدار الآفاق الجديدة،
_c1994.
300 _a160 ص
490 0 _aالسيكولوجية المبسطة
650 1 7 _aالقلق
942 _2ddc
_cBK
999 _c134
_d134